| 000 | 01253nam0a22003251 4500 | ||
|---|---|---|---|
| 001 | rc\2268395 | ||
| 005 | 20110829190744.8 | ||
| 035 | _a(NLR Aleph) 006549667 | ||
| 090 |
_a6726006 _c6726006 |
||
| 100 | _a20110829d1977 |||y0rusy50 ca | ||
| 101 | 0 | _arus | |
| 102 | _aRU | ||
| 105 | _aab z ||||| | ||
| 200 | 1 |
_aИллюстрированная история СССР _f[Чл. кор. АН СССР Пашуто В.Т., д-р. ист. наук Итенберг Б.С., канд. ист. наук Тарновский К.Н. и др. _gСост. иллюстративной части канд. ист. наук Щапов Я.Н. и др.] |
|
| 205 | _a2-е изд., доп. | ||
| 210 |
_aМосква _cМысль _d1977 |
||
| 215 |
_a459, [4] с. _cил., карт. _d26 |
||
| 606 |
_aСССР _xИстория _2psbo |
||
| 686 |
_aТ3(2)я61 _2rubbk |
||
| 701 | 1 |
_aИтенберг _bБ. С. |
|
| 701 | 1 |
_aТарновский _bК. Н. |
|
| 701 | 1 |
_aПашуто _bВ. Т. _gВладимир Терентьевич |
|
| 702 | 1 |
_aЩапов _bЯ. Н. _4440 |
|
| 801 | 0 |
_aRU _bNLR _gpsbo |
|
| 801 | 1 |
_aRU _bELAR _2rusmarc |
|
| 852 |
_aNLR _j77-7/1770 |
||
| 899 |
_aRuMoRGB _jБ 77-13/342 |
||
| 899 |
_aRuMoRGB _jБ 77-13/343 |
||
| 942 | _cBOOK | ||
| 980 | _aNB | ||